Statistics for Pokémon starting with a D (generation 1-7)

Click here to take the quiz!

General Stats

  • This quiz has been taken 6 times
  • The average score is 35 of 46

Answer Stats

GenPokémon% Correct
6Dedenne
100%
2Delibird
100%
6Delphox
100%
1Dewgong
100%
5Dewott
100%
4Dialga
100%
1Dodrio
100%
1Doduo
100%
1Dragonair
100%
1Dragonite
100%
7Drampa
100%
1Dratini
100%
1Drowzee
100%
2Dunsparce
100%
3Dusclops
100%
4Dusknoir
100%
3Duskull
100%
5Dwebble
100%
7Dartrix
75%
5Deerling
75%
5Deino
75%
7Dewpider
75%
7Dhelmise
75%
6Diggersby
75%
1Diglett
75%
6Doublade
75%
6Dragalge
75%
5Druddigon
75%
1Dugtrio
75%
5Duosion
75%
5Durant
75%
3Dustox
75%
4Darkrai
50%
5Darmanitan
50%
5Darumaka
50%
7Decidueye
50%
3Delcatty
50%
3Deoxys
50%
6Diancie
50%
1Ditto
50%
2Donphan
50%
4Drapion
50%
4Drifblim
50%
4Drifloon
50%
5Ducklett
50%
5Drilbur
25%

Score Distribution

Percentile by Number Answered

Percent of People with Each Score

Your Score History

You have not taken this quiz